Coaching para competencias laborales : gestión en talento humano : métodos y estrategias /

Bibliographic Details
Main Author: Galleani G., Rodnie C. (Author)
Other Authors: Vega Maturana, Vicente Miguel (Photographer)
Format: Electronic eBook
Language:Spanish
Published: Santiago de Chile : Ediciones Olejnik, [2023]
Series:Biblioteca de psicoterapias.
Subjects:
Online Access:Digitalia Hispánica

MARC

LEADER 00000nam a2200000 i 4500
001 DIGOLEJNK1295
003 NyNyDIG
007 cr |||||||||||
008 250408s2023 cl ao ob 000 0 spa d
006 m o d
035 |a (OCoLC)1514492007 
040 |a DGITA  |b eng  |e rda  |e pn  |c DGITA 
020 |z 9789564073347 
050 1 4 |a HF5549.5.C53 ebook 
100 1 |a Galleani G., Rodnie C.,  |e author. 
245 1 0 |a Coaching para competencias laborales :  |b gestión en talento humano : métodos y estrategias /  |c Rodnie C. Galleani G. ; fotógrafo profesional, Vicente Miguel Vega Maturana. 
264 1 |a Santiago de Chile :  |b Ediciones Olejnik,  |c [2023] 
300 |a 1 online resource :  |b illustrations, photographs. 
336 |a text  |b txt  |2 rdacontent 
337 |a computer  |b c  |2 rdamedia 
338 |a online resource  |b cr  |2 rdacarrier 
347 |a text file  |2 rdaft 
347 |b PDF 
490 1 |a Biblioteca de psicoterapias 
504 |a Includes bibliographical references. 
588 0 |a Online resource; title from PDF title page (Digitalia, viewed April 8, 2025) 
650 0 |a Employees  |x Coaching of. 
650 0 |a Executive coaching. 
650 0 |a Personnel management. 
700 1 |a Vega Maturana, Vicente Miguel,  |e photographer. 
791 2 |a Digitalia (Firm),  |e distributor. 
793 0 |g Digitalia eBook Collection:  |a Ediciones Olejnik 
776 0 8 |i Print version:  |a Galleani G., Rodnie C.  |t Coaching para competencias laborales.  |b Primera Edición en Ediciones Olejnik.  |d Santiago de Chile : Ediciones Olejnik, [2023]  |z 9789564073347 
830 0 |a Biblioteca de psicoterapias. 
856 4 0 |3 Digitalia Hispánica  |u https://www.digitaliapublishing.com/a/157804/ 
910 |a Premium collection: 2025